Triết học Trung cổ Tây Âu Sách tham khảo

שמור ב:
מידע ביבליוגרפי
מחבר ראשי: Doãn Chính
פורמט: ספר
שפה:Undetermined
יצא לאור: Hà Nội Chính Trị Quốc Gia 1999
נושאים:
תגים: הוספת תג
אין תגיות, היה/י הראשונ/ה לתייג את הרשומה!
Thư viện lưu trữ: Trung tâm Học liệu Trường Đại học Cần Thơ
LEADER 00531nam a2200181Ia 4500
001 CTU_36304
008 210402s9999 xx 000 0 und d
082 |a 190 
082 |b Ch312 
100 |a Doãn Chính 
245 0 |a Triết học Trung cổ Tây Âu 
245 0 |b Sách tham khảo 
245 0 |c Doãn Chính, Đinh Ngọc Thạch 
260 |a Hà Nội 
260 |b Chính Trị Quốc Gia 
260 |c 1999 
650 |a philosophy, european 
980 |a Trung tâm Học liệu Trường Đại học Cần Thơ